Campeones Primera División Argentina (1931 - 2020) - Estadísticas

Estadísticas generales
  • Esta prueba ha sido intentada 527 veces
  • La puntuación promedio es 126 de 134
Estadísticas de respuestas
Torneo Campeón % Correcto
1931 | 1934 | 1935 | +25 others Boca Juniors
100%
1932 | 1936 Copa Campeonato | 1936 Copa de Oro | +32 others River Plate
100%
1949 | 1950 | 1951 | +6 others Racing
97%
1938 | 1939 | 1948 | +11 others Independiente
96%
1933 | 1936 Copa de Honor | 1946 | +9 others San Lorenzo
95%
Apertura 1995 | Clausura 1993 | Clausura 1996 | +6 others Vélez Sarsfield
89%
Apertura 2006 | Apertura 2010 | Metropolitano 1967 | +2 others Estudiantes LP
88%
1987/88 | 1990/91 | Apertura 2004 | +3 others Newell´s Old Boys
88%
1986/87 | Nacional 1971 | Nacional 1973 | Nacional 1980 Rosario Central
85%
Apertura 2007 | Transición 2016 Lanús
83%
Apertura 2009 Banfield
78%
Metropolitano 1973 Huracán
77%
Nacional 1982 | Nacional 1984 Ferro Carril Oeste
74%
Clausura 2010 | Metropolitano 1984 | Nacional 1985 Argentinos Juniors
73%
Clausura 2012 Arsenal
67%
Metropolitano 1969 Chacarita Juniors
63%
Metropolitano 1978 Quilmes
47%
No se encontraron pruebas coincidentes
Distribución de puntuación
Porcentaje de gente con cada puntuación
Porcentaje por número respondido
Historial de tus puntuaciones
No has intentado esta prueba.